LIBRARY & INFORMATION CENTRE, KCAET, TAVANUR

ONLINE PUBLIC ACCESS CATALOGUE (OPAC)

Dirac and Feynman: Pioneers in quantum mechanics / (Record no. 7063)

MARC details
000 -LEADER
fixed length control field 00515cam a2200193ua 4500
020 ## - INTERNATIONAL STANDARD BOOK NUMBER
ISBN 81-224-0493-6
041 ## - LANGUAGE CODE
Language code of text/sound track or separate title eng
082 ## - DEWEY DECIMAL CLASSIFICATION NUMBER
Classification number 530.12
Item number DUT/DI
100 ## - MAIN ENTRY--AUTHOR NAME
Personal name Dutt, Ranabir .
245 ## - TITLE STATEMENT
Title Dirac and Feynman: Pioneers in quantum mechanics /
260 ## - PUBLICATION, DISTRIBUTION, ETC. (IMPRINT)
Place of publication New Delhi :
Name of publisher Wiley Eastern Ltd ,
Year of publication 1993.
300 ## - PHYSICAL DESCRIPTION
Number of Pages 214 ; .
500 ## - GENERAL NOTE
General note 20323 - CSS
700 1# - ADDED ENTRY--PERSONAL NAME
Personal name ray , Asim K .
942 ## - ADDED ENTRY ELEMENTS (KOHA)
Koha item type Books
Holdings
Withdrawn status Lost status Damaged status Home library Current library Shelving location Date acquired Full call number Accession Number Koha item type
      KAUAET KAUAET Scheme 07/04/2012 530.12 RAN/DI 20323 Book Bank scheme for SC students
free website counter